00824nam a2200217 i 4500001000400000100002500004245014100029260005400170300002600224651005100250700001900301020001500320040000800335041001300343920001800356942000700374008004100381999001700422856009800439952006900537bgj1 aASH, Timothy Garton.10aEin Jahrhundert wird abgewählt :bAus den Zentren Mitteleuropas 1980-1990 /cTimothy Garton Ash ; Aus dem Englischen von Yvonne Badal. aMünchen :bDeutscher Taschenbuch Verlag,c1992. a420, [1] S. ;c20 cm. 9aMitteleuropaxGeschichte, 1980-1990y1980-19901 aBADAL, Yvonne. a342330328X cBPK0 agerheng a3-423-30328-X cKS s gw f |000 0 ger  c50665d50665 uhttp://koha.tu.koszalin.pl/cgi-bin/koha/opac-detail.pl?biblionumber=50665yKatalog online BPK 00104071aBPKbBPKcehoN 754p01581959t93/94=112.2 H(jn)yKS